Between past and future : eight exercises in political thought

Αποθηκεύτηκε σε:
Λεπτομέρειες βιβλιογραφικής εγγραφής
Κύριος συγγραφέας: Arendt, Hannah, 1906-1975
Μορφή: Βιβλίο
Γλώσσα:English
Δημοσίευση: New York : Penguin Books, 1978, c1968.
Θέματα:
Ετικέτες: Προσθήκη ετικέτας
Δεν υπάρχουν, Καταχωρήστε ετικέτα πρώτοι!

MARC

LEADER 00000cam a2200000 a 4500
001 1/109457
008 151211r19781968nyu| ||| |||||||eng||
020 |a 0140046623  
040 |a GR-MyUa  |b gre  |c GR-MyUa  |e AACR2 
041 0 |a eng 
082 7 |a 320.01   |2 (23)  
100 1 |a Arendt, Hannah,   |d 1906-1975. 
245 1 0 |a Between past and future :   |b eight exercises in political thought /   |c Hannah Arendt.  
260 |a New York :   |b Penguin Books,   |c 1978, c1968.  
300 |a 306 σ. ;   |c 20 εκ.  
504 |a Περιλαμβάνει βιβλιογραφία και ευρετήριο.  
650 0 |a Political science  |x Philosophy. 
852 |a INST  |b LESVOS  |e 20151211  |h 320.01 ARE  |p 005100057847  |q 005100057847  |t BK  |y 0 
970 |a Τζαφέρη  |b Ευαγγελία  |z 11-12-2015